Statistics for NFL Traded Players Part 1

Click here to take the quiz!

General Stats

  • This quiz has been taken 63 times
  • The average score is 10 of 13

Answer Stats

PositionTeamsAnswer% Correct
QBFalcons,
Colts
Matt Ryan
98%
QBPatriots,
Bucs
Tom Brady
98%
TEPatriots,
Buccaneers
Rob Gronkowski
94%
WRGiants,
Browns,
Rams,
Odell Beckham Jr.
88%
WRVikings,
Raiders,
Patriots,
Titans,
49ers
Randy Moss
88%
RBVikings,
Saints,
Cardinals,
Commanders,
Lions,
Titans,
Seahawks,
Adrian Peterson
80%
QB49ers,
Chiefs
Joe Montana
80%
WR49ers,
Raiders,
Seahawks,
Broncos
Jerry Rice
76%
TEChiefs,
Falcons
Tony Gonzalez
76%
RBSteelers,
Jets,
Chiefs,
Ravens,
Bucs
Le'veon Bell
72%
WR, QB, TEPackers,
Saints
Taysom Hill
72%
TEBroncos,
Ravens
Shannon Sharpe
46%
RBVikings,
Raiders,
Patriots,
Bears,
Falcons
Cordarrelle Patterson
40%

Score Distribution

Percentile by Number Answered

Percent of People with Each Score

Your Score History

You have not taken this quiz